000 00932nam a22002295i 4500
001 176069
003 ES-MaACL
005 20231227192103.0
008 101214s1953 sp |||| | spa d
080 _a612.46
245 0 0 _aBases fisiológicas de las pruebas de la función renal /
_cpor F. Grande Covián.
260 _aMadrid :
_bServicio de Medicina Interna Hospital Militar "Gómez Ulla",
_c1953.
300 _a28 p. ;
_c17 cm.
490 1 _aCuadernos de medicina interna ;
_v8
500 _aTexto de la conferencia pronunciada por el Profesor F. Grande Covián, el día 12 de marzo de 1953, en el Hospital Militar "Gómez Ulla"
650 4 _aRiñones-
_xFisiología.
_9144309
700 1 _aGrande Covián, Francisco,
_d1909-1995
_959588
710 2 _aHospital Militar Central "Gómez Ulla"
_9141700
830 0 _aCuadernos de medicina interna ;
_v8
_9183827
852 _aES-MaACL
_j2086-F-2
999 _c176069
_d176069